|
|
|
|
| LEADER |
00000nam0a2200000 4500 |
| 001 |
108158 |
| 005 |
20231101214759.0 |
| 035 |
|
|
|a (RuTPU)RU\TPU\book\116751
|
| 035 |
|
|
|a RU\TPU\book\49869
|
| 090 |
|
|
|a 108158
|
| 100 |
|
|
|a 20070116d1978 e y0rusy50 ca
|
| 101 |
1 |
|
|a rus
|c eng
|
| 102 |
|
|
|a RU
|
| 105 |
|
|
|a y z 000ay
|
| 200 |
1 |
|
|a Приключения Тома Сойера
|a Приключения Гекльберри Финна
|a Принц и нищий
|e повести: пер. с англ.
|f М. Твен
|
| 210 |
|
|
|a Москва
|c Детская литература
|d 1978
|
| 215 |
|
|
|a 672 с.
|
| 225 |
1 |
|
|a Библиотека мировой литературы для детей
|h Т. 47
|
| 610 |
1 |
|
|a американская литература
|
| 610 |
1 |
|
|a проза
|
| 610 |
1 |
|
|a повести
|
| 675 |
|
|
|a 82
|v 3
|
| 700 |
|
1 |
|a Твен
|b М.
|c американский писатель
|c настоящие имя и фамилия Самюэл Ленгхорн Клеменс
|f 1835-1910
|g Марк
|2 stltpush
|3 (RuTPU)RU\TPU\pers\15890
|9 5545
|
| 801 |
|
1 |
|a RU
|b 63413507
|c 20030220
|g PSBO
|
| 801 |
|
2 |
|a RU
|b 63413507
|c 20151019
|g PSBO
|
| 942 |
|
|
|c BK
|